Statistics for Chicago White Sox Player Nicknames

Click here to take the quiz!

General Stats

  • This quiz has been taken 6 times
  • The average score is 9 of 20

Answer Stats

NicknameAnswer% Correct
The Big HurtFrank Thomas
100%
Shoeless JoeJoe Jackson
100%
Pudge/The CommanderCarlton Fisk
60%
Officer KarkoRon Karkovice
60%
TA7/Stunt GodTim Anderson
60%
Yo-YoYoan Moncada
60%
Drake's DadAdam LaRoche
40%
El CaballoCarlos Lee
40%
The Condor/Edward ScissorhandsChris Sale
40%
FarmioEd Farmer
40%
The MilkmanHerbert Perry
40%
The BladeJim Landis
40%
LegendLeury Garcia
40%
RockTim Raines
40%
Crash/Don't Call Me RichieDick Allen
20%
Jungle JimJim Rivera
20%
Pito/Joey AbsJose Abreu
20%
Ol' Aches and PainsLuke Appling
20%
Sugar RayRay Durham
20%
WimpyTom Paciorek
20%

Score Distribution

Percentile by Number Answered

Percent of People with Each Score

Your Score History

You have not taken this quiz